000 00739nam a22002295i 4500
001 14502
003 ES-MaACL
005 20250808085803.0
007 t|
008 951207m19959999sp ||||0| spa j
020 _a84-7248-274-X
040 _aM-BN
_bspa
_cM-BN
080 _a34(4-672 CE)(075.8)
080 _a35(4-672 CE)(075.8)
245 0 0 _aDerecho de la Unión Europea.
_pI. Antecedentes, instituciones, fuentes y jurisdicción /
_cEnrique Linde Paniagua ... [et al.].
260 _aMadrid :
_bMarcial Pons,
_c1995.
300 _a434 p. ;
_c24 cm.
650 7 _aDerecho comunitario
_2embne
_911677
700 1 _aLinde Paniagua, Enrique.
_972382
852 _aES-MaACL
_jL-21815
_bR.127159
999 _c14502
_d14502